[Event "SportAccord Basque Men 2013"]
[Site "Beijing CHN"]
[Date "2013.12.17"]
[Round "1.1"]
[White "Nepomniachtchi, Ian"]
[Black "Ivanchuk, Vassily"]
[Result "1-0"]
[WhiteTitle "GM"]
[BlackTitle "GM"]
[WhiteElo "2721"]
[BlackElo "2731"]
[WhiteFideId "4168119"]
[BlackFideId "14100010"]
[EventDate "2013.12.17"]

1. e4 e5 2. Nf3 Nc6 3. d4 exd4 4. Nxd4 Qf6 5. Nb3 Qg6 6. f3 Bb4+ 7. Bd2 a5 8.
Nc3 Nge7 9. Nb5 Bxd2+ 10. Qxd2 Kd8 11. O-O-O d6 12. Kb1 Rf8 13. g4 Qf6 14. g5
Qxf3 15. Bg2 Qg4 16. e5 Nxe5 17. Nxd6 cxd6 18. Qxd6+ Nd7 19. Rhe1 Qxg5 20. Nc5 1-0

[Event "SportAccord Basque Men 2013"]
[Site "Beijing CHN"]
[Date "2013.12.17"]
[Round "1.1"]
[White "Giri, Anish"]
[Black "Aronian, Levon"]
[Result "0-1"]
[WhiteTitle "GM"]
[BlackTitle "GM"]
[WhiteElo "2734"]
[BlackElo "2803"]
[WhiteFideId "24116068"]
[BlackFideId "13300474"]
[EventDate "2013.12.17"]

1. d4 Nf6 2. c4 e6 3. Nf3 d5 4. g3 c5 5. cxd5 cxd4 6. dxe6 Bxe6 7. Qxd4 Nc6 8.
Qxd8+ Rxd8 9. Bg2 Bb4+ 10. Bd2 Ne4 11. a3 Be7 12. Nc3 Nxd2 13. Nxd2 O-O 14.
O-O-O Ne5 15. Bxb7 Rb8 16. Be4 Rfc8 17. Kc2 f5 18. Bf3 Bf6 19. Rc1 Kf8 20. Rhe1
a5 21. h3 a4 22. Bg2 h5 23. f4 Nc6 24. Nxa4 h4 25. gxh4 Bxh4 26. Rf1 Nd4+ 27.
Kd3 Rd8 28. Ke3 Nb3 29. Nxb3 Bxb3 30. Nc3 Rb6 31. Bh1 Bf7 32. Rfd1 Re8+ 33. Kf3
Bh5+ 34. Kg2 Bxe2 35. Nxe2 Rxe2+ 36. Kf3 Rbe6 37. Rc8+ Kf7 38. Rc7+ Kf6 0-1

[Event "SportAccord Basque Men 2013"]
[Site "Beijing CHN"]
[Date "2013.12.17"]
[Round "1.2"]
[White "Aronian, Levon"]
[Black "Giri, Anish"]
[Result "1-0"]
[WhiteTitle "GM"]
[BlackTitle "GM"]
[WhiteElo "2803"]
[BlackElo "2734"]
[WhiteFideId "13300474"]
[BlackFideId "24116068"]
[EventDate "2013.12.17"]

1. d4 Nf6 2. Nf3 g6 3. Nbd2 Bg7 4. e4 O-O 5. Bd3 d6 6. O-O Nc6 7. c3 e5 8. h3 a5
9. Re1 Bd7 10. Nf1 Nh5 11. Bc2 h6 12. Ne3 Nf4 13. Nd5 Ne6 14. Be3 Kh7 15. Qd2 a4
16. Rad1 Na5 17. b3 axb3 18. axb3 exd4 19. cxd4 Nc6 20. b4 Na7 21. Nc3 c6 22.
Ra1 d5 23. e5 Nc7 24. Ne2 Nab5 25. Rxa8 Qxa8 26. Ng3 Na3 27. Ra1 Nc4 28. Qc1 Qd8
29. Bf4 Ne6 30. Nh5 Rh8 31. Bg3 Kg8 32. Bh4 g5 33. Bg3 Kf8 34. Bd3 b5 35. Ra7
Be8 36. Qa1 Rg8 37. Ra8 Qe7 38. Nf6 Bxf6 39. exf6 Qxf6 40. Bxc4 1-0

[Event "SportAccord Basque Men 2013"]
[Site "Beijing CHN"]
[Date "2013.12.17"]
[Round "1.1"]
[White "Leko, Peter"]
[Black "Karjakin, Sergey"]
[Result "0-1"]
[WhiteTitle "GM"]
[BlackTitle "GM"]
[WhiteElo "2730"]
[BlackElo "2756"]
[WhiteFideId "703303"]
[BlackFideId "14109603"]
[EventDate "2013.12.17"]

1. Nf3 c5 2. c4 Nc6 3. Nc3 e5 4. g3 g6 5. Bg2 Bg7 6. O-O d6 7. a3 Nge7 8. Rb1 a5
9. Ne1 Be6 10. Nd5 Rb8 11. d3 O-O 12. Bg5 f6 13. Bd2 b5 14. Nxe7+ Nxe7 15. cxb5
Rxb5 16. b4 cxb4 17. axb4 axb4 18. Rxb4 Rxb4 19. Bxb4 Qb6 20. Qd2 Nd5 21. Ba5
Qa7 22. Nc2 Rc8 23. Na3 Bh6 24. Nb5 Bxd2 25. Nxa7 Rc2 26. Bxd2 Rxd2 27. Nb5 Ne7
28. Bf3 d5 29. Rc1 Bh3 30. Nc3 Kg7 31. Rd1 Rxd1+ 32. Nxd1 d4 33. Bg2 Bg4 34. Kf1
Kf7 35. Ke1 Bd7 36. e3 Ke6 37. exd4 exd4 38. Nb2 Kd6 39. Nc4+ Kc5 40. Kd2 Be6
41. Na5 Kb6 42. Nc4+ Bxc4 43. dxc4 Kc5 44. Kd3 g5 45. Be4 f5 46. Bb7 Ng6 47. Bc8
Ne5+ 48. Ke2 f4 49. gxf4 gxf4 50. Be6 d3+ 51. Kd2 Kd4 52. c5 Nf3+ 53. Kd1 Kxc5
54. Bf5 Kd4 55. Bxh7 Nxh2 56. Bf5 Nf3 57. Bg4 Ng5 58. Bf5 Ne4 59. f3 Nd6 0-1

[Event "SportAccord Basque Men 2013"]
[Site "Beijing CHN"]
[Date "2013.12.17"]
[Round "1.2"]
[White "Karjakin, Sergey"]
[Black "Leko, Peter"]
[Result "1-0"]
[WhiteTitle "GM"]
[BlackTitle "GM"]
[WhiteElo "2756"]
[BlackElo "2730"]
[WhiteFideId "14109603"]
[BlackFideId "703303"]
[EventDate "2013.12.17"]

1. d4 Nf6 2. Nf3 e6 3. Bf4 c5 4. e3 b6 5. Nbd2 Bb7 6. Bd3 Be7 7. h3 O-O 8. c3
cxd4 9. exd4 d6 10. O-O Nbd7 11. Re1 Qc7 12. c4 Rfe8 13. Rc1 Rac8 14. Nb1 Bf8
15. Bh2 Qb8 16. Nc3 a6 17. b4 Qa8 18. a3 g6 19. Bf1 Nh5 20. Nd2 Ndf6 21. Qe2 e5
22. dxe5 dxe5 23. Qe3 Re6 24. Rcd1 a5 25. Rb1 axb4 26. axb4 Rce8 27. Nde4 Nxe4
28. Nxe4 Nf4 29. c5 bxc5 30. Ra1 Qc8 31. Nxc5 Bxc5 32. bxc5 Qc6 33. f3 Nd5 34.
Qf2 Nf4 35. Rab1 Qc7 36. Bxf4 exf4 37. Rxe6 Rxe6 38. Qd4 Re8 39. Rb6 Bc6 40. Bc4
Rc8 41. Ba6 Re8 42. Kh2 Ra8 43. Qb4 Be8 44. Rd6 Rb8 45. Qd4 Ra8 46. Qe5 Qa7 47.
Rb6 Qd7 48. c6 Qa7 49. Qc5 Qc7 50. Bc4 Rc8 51. Bd5 Qd8 52. Be4 Qh4 53. Rb1 Qd8
54. Ra1 Qf6 55. Rd1 Rc7 56. Qb6 Qe7 57. Ra1 Rc8 58. Qa6 Rc7 59. Rb1 Qg5 60. Qa8
Kf8 61. Kh1 Qh4 62. Qa1 Kg8 63. Qe5 Rc8 64. Qd6 Qf2 65. c7 Qe2 66. Kh2 Qc4 67.
Rb8 1-0

[Event "SportAccord Basque Men 2013"]
[Site "Beijing CHN"]
[Date "2013.12.17"]
[Round "2.2"]
[White "Karjakin, Sergey"]
[Black "Aronian, Levon"]
[Result "1-0"]
[WhiteTitle "GM"]
[BlackTitle "GM"]
[WhiteElo "2756"]
[BlackElo "2803"]
[WhiteFideId "14109603"]
[BlackFideId "13300474"]
[EventDate "2013.12.17"]

1. e4 e5 2. Nf3 Nc6 3. Bb5 a6 4. Ba4 Nf6 5. O-O Be7 6. d3 b5 7. Bb3 d6 8. a3 Be6
9. Bxe6 fxe6 10. Nbd2 O-O 11. c3 Qd7 12. Re1 Nd8 13. d4 Nf7 14. dxe5 dxe5 15.
Qe2 c5 16. c4 Rfd8 17. b3 Qd3 18. Bb2 Qxe2 19. Rxe2 Bd6 20. Rc1 Rab8 21. Kf1 Kf8
22. Re3 Ng8 23. Ne1 Ne7 24. Nd3 Rdc8 25. cxb5 axb5 26. Nf3 Ng6 27. g3 c4 28.
bxc4 bxc4 29. Nb4 Ne7 30. Nd2 Bxb4 31. axb4 Rxb4 32. Ba3 Ra4 33. Rec3 Ke8 34. h4
Kd7 35. f3 h5 36. Kf2 Rca8 37. Bc5 R8a5 38. Nxc4 Ra2+ 39. Ke3 Rxc5 40. Nb6+ Kc6
41. Rxc5+ Kxb6 42. Rc7 Ra3+ 43. Kf2 Ra2+ 44. Ke3 Ra3+ 45. Ke2 Ra2+ 46. Kd1 Rf2
47. Rxe7 Rxf3 48. Ke2 Rf6 49. Rf1 Nd8 50. Rxf6 gxf6 51. Rh7 Kc5 52. Rxh5 Kd4 53.
Rh8 Nc6 54. h5 Kxe4 55. h6 Kf5 56. Rg8 1-0

[Event "SportAccord Basque Men 2013"]
[Site "Beijing CHN"]
[Date "2013.12.17"]
[Round "2.1"]
[White "Le, Quang Liem"]
[Black "Ivanchuk, Vassily"]
[Result "1/2-1/2"]
[WhiteTitle "GM"]
[BlackTitle "GM"]
[WhiteElo "2703"]
[BlackElo "2731"]
[WhiteFideId "12401137"]
[BlackFideId "14100010"]
[EventDate "2013.12.17"]

1. d4 d5 2. c4 c6 3. Nc3 Nf6 4. e3 a6 5. Nf3 b5 6. b3 Bg4 7. Be2 e6 8. h3 Bh5 9.
g4 Bg6 10. Ne5 Nfd7 11. Nxg6 hxg6 12. Bf3 f5 13. a4 b4 14. Ne2 Bd6 15. Nf4 Bxf4
16. exf4 a5 17. g5 Na6 18. c5 Qe7 19. h4 O-O-O 20. Kf1 Nc7 21. Kg2 Qf7 22. Qe2
Kb7 23. Bd2 Rh7 24. Rh2 Rdh8 25. Rah1 Ka7 26. Kf1 Kb7 27. Qe3 Ka7 28. Be2 Qe8
29. Rh3 Kb7 30. R1h2 Ka7 31. Qf3 Kb7 32. Qh1 Nf8 33. Ke1 Qf7 34. Kd1 Ka7 35. Kc2
Kb7 36. Qe1 Ka7 37. Bf3 Na6 38. Qe5 Kb7 39. Qe1 Nd7 40. Qh1 Nc7 41. h5 gxh5 42.
Bxh5 Qe7 43. Be3 Nf8 44. Kd3 g6 45. Be2 Rxh3 46. Rxh3 Rxh3 47. Qxh3 Ne8 48. Kd2
Qh7 49. Qxh7+ Nxh7 50. Bd3 Nf8 51. Ke2 Ka7 52. Kd2 Kb7 53. Ke2 Ka7 54. Kd2 Kb7
55. Ke2 1/2-1/2

[Event "SportAccord Basque Men 2013"]
[Site "Beijing CHN"]
[Date "2013.12.17"]
[Round "2.2"]
[White "Ivanchuk, Vassily"]
[Black "Le, Quang Liem"]
[Result "0-1"]
[WhiteTitle "GM"]
[BlackTitle "GM"]
[WhiteElo "2731"]
[BlackElo "2703"]
[WhiteFideId "14100010"]
[BlackFideId "12401137"]
[EventDate "2013.12.17"]

1. d4 Nf6 2. c4 g6 3. Nc3 d5 4. Bf4 Bg7 5. e3 O-O 6. Rc1 Be6 7. b3 c6 8. h3 Ne4
9. Nxe4 dxe4 10. Ne2 f5 11. Nc3 Nd7 12. Be2 Bf7 13. Bh2 e5 14. d5 Qe7 15. O-O
Rad8 16. Qc2 g5 17. g4 fxg4 18. hxg4 Bg6 19. Nxe4 Nc5 20. f3 Kh8 21. Bd3 Nxd3
22. Qxd3 h5 23. gxh5 Bxh5 24. Ng3 Bxf3 25. Nf5 e4 26. Nxe7 exd3 27. Ng6+ Kg8 28.
Nxf8 Rxf8 29. d6 d2 30. Rcd1 Bxd1 31. Rxd1 Bc3 32. e4 Kf7 33. Kf2 Ke6+ 34. Ke2
Rh8 35. Bg3 Rh3 36. Rg1 Bd4 37. Rg2 Be3 38. Bh2 g4 39. Kd1 Bh6 40. c5 Rc3 0-1

[Event "SportAccord Basque Men 2013"]
[Site "Beijing CHN"]
[Date "2013.12.17"]
[Round "2.1"]
[White "Leko, Peter"]
[Black "Giri, Anish"]
[Result "1/2-1/2"]
[WhiteTitle "GM"]
[BlackTitle "GM"]
[WhiteElo "2730"]
[BlackElo "2734"]
[WhiteFideId "703303"]
[BlackFideId "24116068"]
[EventDate "2013.12.17"]

1. e4 e5 2. Nf3 Nc6 3. Bb5 Nf6 4. d3 Bc5 5. Bxc6 dxc6 6. Nbd2 O-O 7. O-O Nd7 8.
Nc4 Re8 9. Be3 Bd6 10. d4 exd4 11. Nxd6 cxd6 12. Qxd4 Ne5 13. Nxe5 dxe5 14. Qxd8
Rxd8 15. Rfd1 Re8 16. a4 f5 17. exf5 Bxf5 18. c3 Red8 19. a5 Bc2 20. Rxd8+ Rxd8
21. Bxa7 Kf7 22. Kf1 Rd1+ 23. Rxd1 Bxd1 24. Ke1 Bb3 25. Kd2 Ke6 26. Ke3 Kd5 27.
f4 g6 28. fxe5 Kxe5 29. Bb8+ Kd5 30. Kf4 Ke6 31. Kg5 Kf7 32. Be5 Bd5 33. g3 Bg2
34. b4 Bd5 35. Kh6 Kg8 36. Bd4 Bb3 37. h4 Bc4 38. Bc5 Bd5 39. g4 Bg2 40. Kg5 Kf7
41. Bf2 Bf1 42. Bg3 Bc4 43. Kh6 Kg8 44. Be5 Be2 45. Kg5 Kf7 46. Bd4 Bc4 47. Kh6
Kg8 48. Kg5 Kf7 49. Kh6 Kg8 50. Kg5 Kf7 51. Kh6 Kg8 1/2-1/2

[Event "SportAccord Basque Men 2013"]
[Site "Beijing CHN"]
[Date "2013.12.17"]
[Round "3.1"]
[White "Karjakin, Sergey"]
[Black "Ponomariov, Ruslan"]
[Result "1-0"]
[WhiteTitle "GM"]
[BlackTitle "GM"]
[WhiteElo "2756"]
[BlackElo "2731"]
[WhiteFideId "14109603"]
[BlackFideId "14103320"]
[EventDate "2013.12.17"]

1. e4 e5 2. Nf3 Nc6 3. Bb5 a6 4. Ba4 Nf6 5. O-O Be7 6. d3 d6 7. c3 O-O 8. Nbd2
Re8 9. Re1 Bf8 10. h3 b5 11. Bc2 Bb7 12. d4 Nb8 13. a4 Nbd7 14. Bd3 c6 15. Qc2
Qc7 16. b3 g6 17. Bb2 Rac8 18. Rad1 exd4 19. cxd4 d5 20. e5 Nh5 21. e6 Rxe6 22.
Rxe6 fxe6 23. Bxg6 Ndf6 24. Bxh5 Nxh5 25. Ne5 bxa4 26. bxa4 c5 27. dxc5 Qxc5 28.
Qb3 Qb4 29. Qf3 Qxb2 30. Qxh5 Bg7 31. Ndf3 Rf8 32. Qg5 Kh8 33. Qe7 Bc8 34. Re1
a5 35. Nf7+ Kg8 36. Nd6 Qf6 37. Nxc8 Rxc8 38. Qxf6 Bxf6 39. Rxe6 Bc3 40. Rd6 Rc4
41. Rxd5 Rxa4 42. g4 Ra1+ 43. Kg2 a4 44. Rd7 a3 45. Ra7 Bb4 46. Nd4 Bc3 47. Nf5
Ra2 48. g5 Be1 49. Nh6+ Kf8 50. Ng4 Bc3 51. h4 Bd4 52. Ra5 Ke7 53. h5 Ke6 54.
Kf3 Ra1 55. Ke4 a2 56. Ra6+ Ke7 57. Kf5 Kd7 58. f4 Kc7 59. Nf6 Kb7 60. Ra4 Bc3
61. Nd5 Be1 62. Nb4 Bxb4 63. Rxb4+ Kc6 64. Rb2 Kd7 65. Re2 1-0

[Event "SportAccord Basque Men 2013"]
[Site "Beijing CHN"]
[Date "2013.12.17"]
[Round "3.2"]
[White "Ponomariov, Ruslan"]
[Black "Karjakin, Sergey"]
[Result "1/2-1/2"]
[WhiteTitle "GM"]
[BlackTitle "GM"]
[WhiteElo "2731"]
[BlackElo "2756"]
[WhiteFideId "14103320"]
[BlackFideId "14109603"]
[EventDate "2013.12.17"]

1. e4 e5 2. Nf3 Nc6 3. Bb5 a6 4. Ba4 Nf6 5. O-O Be7 6. Re1 b5 7. Bb3 O-O 8. a4
b4 9. d4 d6 10. dxe5 dxe5 11. Bg5 Nd7 12. Bd5 Bb7 13. Bxe7 Qxe7 14. Nbd2 Rad8
15. Qe2 Nc5 16. a5 Nb8 17. Bxb7 Nxb7 18. Nc4 f6 19. h4 Qc5 20. h5 Nc6 21. Ne3
Nd6 22. Qxa6 Ra8 23. Qd3 Rxa5 24. Nd5 Rxa1 25. Rxa1 f5 26. Nxc7 fxe4 27. Qb3+
Qc4 28. Qxc4+ Nxc4 29. Ng5 e3 30. fxe3 Nxe3 31. c3 b3 32. Ra6 Ne7 33. Nce6 Rb8
34. Ra7 N7f5 35. Ne4 h6 36. Kh2 Rb6 37. N6c5 Nc4 38. Ra4 Nxb2 39. Ra3 Nc4 40.
Rxb3 Rxb3 41. Nxb3 Kf7 42. Nbc5 g6 43. g4 Nfe3 44. Kh3 Nd5 45. hxg6+ Kxg6 46.
Kg3 h5 47. gxh5+ Kxh5 48. Nd3 Nxc3 49. Nxc3 Kg5 50. Nxe5 Nxe5 1/2-1/2

[Event "SportAccord Basque Men 2013"]
[Site "Beijing CHN"]
[Date "2013.12.17"]
[Round "3.1"]
[White "Aronian, Levon"]
[Black "Grischuk, Alexander"]
[Result "1/2-1/2"]
[WhiteTitle "GM"]
[BlackTitle "GM"]
[WhiteElo "2803"]
[BlackElo "2783"]
[WhiteFideId "13300474"]
[BlackFideId "4126025"]
[EventDate "2013.12.17"]

1. d4 Nf6 2. Nf3 g6 3. Nbd2 Bg7 4. e4 d6 5. Bd3 O-O 6. O-O Nbd7 7. Re1 e5 8. c3
Re8 9. h3 b6 10. a4 a6 11. Nf1 Bb7 12. d5 Bxd5 13. exd5 e4 14. Bb1 exf3 15.
Rxe8+ Qxe8 16. Qxf3 Nc5 17. Bc2 b5 18. Ne3 Nfd7 19. Qe2 bxa4 20. Bxa4 Nxa4 21.
Rxa4 Nc5 22. Ra3 a5 23. Kf1 a4 24. Nc2 Qd7 25. Be3 Re8 26. Kg1 Bh6 27. Qg4 f5
28. Qb4 Bxe3 29. Nxe3 Re4 30. Qb8+ Re8 31. Qb4 Re4 32. Qb8+ Re8 1/2-1/2

[Event "SportAccord Basque Men 2013"]
[Site "Beijing CHN"]
[Date "2013.12.17"]
[Round "3.2"]
[White "Grischuk, Alexander"]
[Black "Aronian, Levon"]
[Result "1/2-1/2"]
[WhiteTitle "GM"]
[BlackTitle "GM"]
[WhiteElo "2783"]
[BlackElo "2803"]
[WhiteFideId "4126025"]
[BlackFideId "13300474"]
[EventDate "2013.12.17"]

1. e4 e5 2. Nf3 Nc6 3. Bb5 Nf6 4. O-O Nxe4 5. d4 Nd6 6. Bxc6 dxc6 7. dxe5 Nf5 8.
Qxd8+ Kxd8 9. h3 Bd7 10. Rd1 Kc8 11. g4 Ne7 12. Ng5 Be8 13. f4 h5 14. Kf2 Ng6
15. Nf3 Bc5+ 16. Be3 Bb6 17. Ke2 hxg4 18. hxg4 Rh3 19. Nbd2 Bd7 20. e6 fxe6 21.
Rh1 Rg3 22. Rag1 Rxg1 23. Nxg1 Be8 24. Rh7 Nxf4+ 25. Bxf4 Bxg1 26. Rxg7 b6 27.
Nf3 Bc5 28. Rxc7+ Kd8 29. Rg7 Kc8 30. Ng5 e5 31. Bxe5 Bd7 32. Ne4 Bf8 33. Rf7
Bxg4+ 34. Kd3 Bc5 35. Nxc5 bxc5 36. Rc7+ Kd8 37. Rxc6 Kd7 38. Rxc5 Rc8 39. Ra5
Bf5+ 40. Ke3 Rxc2 41. Bc3 Be6 42. Rxa7+ Kc6 43. Ra6+ Kd7 44. Kd4 Re2 45. Kc5 Kc7
46. Ra7+ Kc8 47. a4 Re4 48. a5 Rc4+ 49. Kd6 Bg4 50. a6 Kb8 51. Rg7 Bc8 52. Rg8
Ka7 53. Kd5 Kxa6 54. Rf8 Kb5 55. Ke5 Bb7 56. Rb8 Ka6 57. Rd8 Re4+ 58. Kf5 Rc4
59. Bd4 Kb5 60. Ke5 Rc8 61. Rd6 Re8+ 62. Kf4 Kc4 63. Bc3 Bd5 64. Rd7 Re4+ 65.
Kg5 Rg4+ 66. Kf5 Re4 67. Be5 Re3 68. Rc7+ Kb3 69. Rc5 Bc4 70. Kf4 Re2 71. Rc8
Rf2+ 72. Kg3 Rf5 73. Rb8+ 1/2-1/2

[Event "SportAccord Basque Men 2013"]
[Site "Beijing CHN"]
[Date "2013.12.18"]
[Round "4.1"]
[White "Le, Quang Liem"]
[Black "Karjakin, Sergey"]
[Result "0-1"]
[WhiteTitle "GM"]
[BlackTitle "GM"]
[WhiteElo "2703"]
[BlackElo "2756"]
[WhiteFideId "12401137"]
[BlackFideId "14109603"]
[EventDate "2013.12.17"]

1. d4 Nf6 2. c4 e6 3. Nc3 Bb4 4. e3 O-O 5. Ne2 d5 6. a3 Be7 7. cxd5 exd5 8. Nf4
c6 9. Bd3 Na6 10. O-O Nc7 11. Bd2 Ne6 12. Nfe2 a5 13. Rc1 Ne8 14. f3 f5 15. Kh1
Nd6 16. Qc2 Bf6 17. Be1 Bg5 18. Bf2 g6 19. Rcd1 Nc7 20. Nf4 Ne6 21. Nfe2 Nc7 22.
Rfe1 Re8 23. Nc1 Be6 24. Bg3 Bh4 25. Qf2 Bxg3 26. Qxg3 Bf7 27. h3 Qf6 28. Qf2
Re7 29. Re2 Rae8 30. Rde1 Ne6 31. f4 Ne4 32. Qf3 Kh8 33. Bc2 g5 34. Nd3 g4 35.
hxg4 fxg4 36. Qxg4 Rg8 37. Qh3 Ng3+ 38. Kg1 Nxe2+ 39. Rxe2 Bg6 40. Ne5 Bxc2 41.
Rxc2 Reg7 42. g4 Nxf4 43. exf4 Qxf4 44. Kh1 Qxd4 45. Re2 Qf4 46. Qh2 Qf1+ 47.
Qg1 Qf6 48. Qd4 Rf8 49. Kh2 h5 50. gxh5 c5 51. Qd3 Qh4+ 52. Qh3 Qf4+ 53. Kh1
Qc1+ 0-1

[Event "SportAccord Basque Men 2013"]
[Site "Beijing CHN"]
[Date "2013.12.18"]
[Round "4.2"]
[White "Karjakin, Sergey"]
[Black "Le, Quang Liem"]
[Result "1-0"]
[WhiteTitle "GM"]
[BlackTitle "GM"]
[WhiteElo "2756"]
[BlackElo "2703"]
[WhiteFideId "14109603"]
[BlackFideId "12401137"]
[EventDate "2013.12.17"]

1. e4 e5 2. Nf3 Nc6 3. Bb5 Nf6 4. d3 Bc5 5. c3 O-O 6. O-O d6 7. h3 Ne7 8. d4 Bb6
9. Re1 d5 10. Nxe5 Nxe4 11. Nd2 Nd6 12. Bf1 c6 13. b3 Re8 14. a4 Ng6 15. Nxg6
Rxe1 16. Qxe1 hxg6 17. Ba3 a5 18. Qe3 Be6 19. Re1 Bc7 20. Bd3 Bf5 21. Nf3 Bxd3
22. Qxd3 Ne4 23. Nd2 Nxd2 24. Qxd2 Bd6 25. Bxd6 Qxd6 26. g3 Qd7 27. Kg2 Re8 28.
Re3 Kf8 29. h4 Qf5 30. Rxe8+ Kxe8 31. Qe3+ Kd7 32. Qf3 Qxf3+ 33. Kxf3 Ke6 34.
Kg4 b5 35. Kf4 Kd6 36. g4 Ke6 37. Kg5 Kd6 38. h5 gxh5 39. gxh5 c5 40. dxc5+ Kxc5
41. axb5 Kxb5 42. f4 a4 43. bxa4+ Kxa4 44. f5 Kb3 45. f6 gxf6+ 46. Kxf6 Kxc3 47.
h6 d4 48. h7 d3 49. h8=Q d2 50. Kxf7+ Kc2 51. Qc8+ Kb2 52. Qb7+ Kc2 53. Qe4+ Kc1
54. Qc4+ Kb2 55. Qd3 Kc1 56. Qc3+ Kd1 57. Ke6 Ke2 58. Qc4+ Ke1 59. Qe4+ Kf2 60.
Qd3 Ke1 61. Qe3+ Kd1 62. Kd5 Kc2 63. Qe2 1-0

[Event "SportAccord Basque Men 2013"]
[Site "Beijing CHN"]
[Date "2013.12.18"]
[Round "4.1"]
[White "Ponomariov, Ruslan"]
[Black "Aronian, Levon"]
[Result "1/2-1/2"]
[WhiteTitle "GM"]
[BlackTitle "GM"]
[WhiteElo "2731"]
[BlackElo "2803"]
[WhiteFideId "14103320"]
[BlackFideId "13300474"]
[EventDate "2013.12.17"]

1. e4 e5 2. Nf3 Nc6 3. Bb5 Nf6 4. O-O Nxe4 5. d4 Nd6 6. Bxc6 dxc6 7. dxe5 Nf5 8.
Qxd8+ Kxd8 9. Rd1+ Ke8 10. Bf4 h6 11. h3 Bc5 12. Nc3 Be6 13. Ne4 Bb6 14. b3 Bd5
15. Re1 Rd8 16. Rad1 Ke7 17. Kf1 Ke6 18. c3 Ne7 19. Ned2 Ng6 20. Bh2 c5 21. h4
Bc6 22. Ke2 Bb5+ 23. c4 Bc6 24. h5 Ne7 25. g4 g6 26. hxg6 Nxg6 27. Bg3 Ba5 28.
Rg1 Bxd2 29. Nxd2 Nxe5 30. Bf4 h5 31. gxh5 Rxh5 32. Be3 b6 33. Rg3 a5 34. Rdg1
a4 35. Bf4 Rf5 36. Bxe5 Rxe5+ 37. Re3 Rh8 38. Rg3 Rh1 39. Rxe5+ Kxe5 40. Re3+
Kf6 41. bxa4 Bxa4 42. Ne4+ Kg7 43. Nc3 Bd7 44. Re7 Be6 45. Rxc7 Bxc4+ 46. Kd2
Rh2 47. Ke3 Rh3+ 48. f3 Rh6 49. a4 Re6+ 50. Kf4 Kg6 51. a5 Rf6+ 52. Ke3 Re6+ 53.
Kf4 Rf6+ 54. Ke3 Rd6 55. axb6 Rd3+ 56. Kf4 Rxc3 57. Rxc5 Rb3 58. Rxc4 Rxb6 59.
Rc5 Rf6+ 60. Kg4 Rd6 61. f4 Rd4 62. Rg5+ Kf6 63. Rf5+ Ke6 64. Re5+ Kf6 65. Rf5+ 1/2-1/2

[Event "SportAccord Basque Men 2013"]
[Site "Beijing CHN"]
[Date "2013.12.18"]
[Round "4.2"]
[White "Aronian, Levon"]
[Black "Ponomariov, Ruslan"]
[Result "1/2-1/2"]
[WhiteTitle "GM"]
[BlackTitle "GM"]
[WhiteElo "2803"]
[BlackElo "2731"]
[WhiteFideId "13300474"]
[BlackFideId "14103320"]
[EventDate "2013.12.17"]

1. d4 f5 2. Nf3 Nf6 3. c4 d6 4. Nc3 g6 5. Bf4 Bg7 6. e3 O-O 7. Be2 Nc6 8. Bg3 e6
9. O-O h6 10. Rc1 Nh5 11. d5 Nxg3 12. hxg3 Ne7 13. dxe6 Bxe6 14. Qb3 Rb8 15. Qa3
a6 16. Rfd1 Bf7 17. Nd5 Re8 18. Rc2 c5 19. Nc3 Qc7 20. b3 Red8 21. Ne1 Nc6 22.
Qc1 Qa5 23. a3 b5 24. Nd5 bxc4 25. Bxc4 Ne5 26. b4 Qa4 27. Ba2 cxb4 28. axb4 Kh8
29. Nd3 Bxd5 30. Bxd5 Nxd3 31. Rxd3 Rxb4 32. Rc8 Qe8 33. Rdc3 Rb1 34. Qxb1 Rxc8
35. Rb3 h5 36. Bb7 Rb8 37. Bxa6 Rxb3 38. Qxb3 Kh7 39. Bc4 Qe7 40. Qd1 Qe5 41.
Qb3 Qa1+ 42. Bf1 Kh6 43. Qd3 Qe5 44. Be2 Qa1+ 45. Kh2 Qe1 46. f4 h4 47. gxh4
Qxh4+ 48. Kg1 Qe1+ 49. Bf1 Bf6 50. Qe2 Qc1 51. g3 d5 52. Kg2 Be7 53. Qd3 Bc5 54.
Qxd5 Qxe3 55. Kh3 Qe4 56. Bg2 Qxd5 57. Bxd5 g5 58. g4 fxg4+ 59. Kxg4 gxf4 60.
Kxf4 1/2-1/2

[Event "SportAccord Basque Men 2013"]
[Site "Beijing CHN"]
[Date "2013.12.18"]
[Round "4.1"]
[White "Wang, Yue"]
[Black "Nepomniachtchi, Ian"]
[Result "1-0"]
[WhiteTitle "GM"]
[BlackTitle "GM"]
[WhiteElo "2723"]
[BlackElo "2721"]
[WhiteFideId "8601429"]
[BlackFideId "4168119"]
[EventDate "2013.12.17"]

1. Nf3 c5 2. c4 Nf6 3. g3 d5 4. cxd5 Nxd5 5. Bg2 Nc6 6. Nc3 Nc7 7. a3 Rb8 8. b4
cxb4 9. axb4 b5 10. O-O e6 11. Bb2 Bb7 12. Ne4 Nxb4 13. Qb1 a6 14. Rc1 Nbd5 15.
h4 Rc8 16. h5 h6 17. Ne5 Rg8 18. Nc5 Bxc5 19. Rxc5 Qg5 20. Qc1 Nf4 21. Bf1 Qxh5
22. Nf3 Nfd5 23. e4 Qxf3 24. Bg2 Qe2 25. exd5 Kd7 26. d6 Nd5 27. Bxd5 Kxd6 28.
Bxb7 1-0

[Event "SportAccord Basque Men 2013"]
[Site "Beijing CHN"]
[Date "2013.12.18"]
[Round "4.2"]
[White "Nepomniachtchi, Ian"]
[Black "Wang, Yue"]
[Result "1/2-1/2"]
[WhiteTitle "GM"]
[BlackTitle "GM"]
[WhiteElo "2721"]
[BlackElo "2723"]
[WhiteFideId "4168119"]
[BlackFideId "8601429"]
[EventDate "2013.12.17"]

1. e4 c5 2. Nf3 Nc6 3. Bb5 d6 4. c3 Nf6 5. Qe2 e5 6. d4 cxd4 7. cxd4 Bd7 8. d5
Nb8 9. Nc3 Be7 10. O-O O-O 11. h3 Bxb5 12. Qxb5 Qd7 13. a4 Rc8 14. Be3 Na6 15.
Nd2 Nc5 16. Qe2 Bd8 17. a5 h6 18. Rfc1 Ne8 19. b4 Na6 20. Rab1 Bg5 21. Bxg5 hxg5
22. Nc4 Rab8 23. Ne3 Nf6 24. Qd3 Rc7 25. Rc2 Rbc8 26. Rbb2 g6 27. Nb5 Rxc2 28.
Nxc2 Nc7 29. Nc3 g4 30. h4 a6 31. Na3 Nb5 32. Naxb5 axb5 33. g3 Rc4 34. Kg2 Kg7
35. Rb3 Qc8 36. Nxb5 Nxe4 37. Rb2 f5 38. Na7 Qc7 39. Nb5 Qc8 40. Na7 Qc7 41. Nb5
Qc8 42. Qe2 f4 43. Kh2 f3 44. Qe3 Rc1 45. Nxd6 Nxd6 46. Qxe5+ Kh7 47. Qe7+ Kh8
48. Qf6+ Kh7 49. Qe7+ Kh8 50. Qf6+ 1/2-1/2

[Event "SportAccord Basque Men 2013"]
[Site "Beijing CHN"]
[Date "2013.12.18"]
[Round "5.1"]
[White "Karjakin, Sergey"]
[Black "Grischuk, Alexander"]
[Result "1/2-1/2"]
[WhiteTitle "GM"]
[BlackTitle "GM"]
[WhiteElo "2756"]
[BlackElo "2783"]
[WhiteFideId "14109603"]
[BlackFideId "4126025"]
[EventDate "2013.12.17"]

1. e4 c5 2. Nf3 e6 3. d4 cxd4 4. Nxd4 Nf6 5. Nc3 d6 6. Be3 a6 7. Be2 Nbd7 8. f4
b5 9. Bf3 Bb7 10. e5 dxe5 11. fxe5 Bxf3 12. Nxf3 Ng4 13. Bd4 Qc7 14. Qe2 Bc5 15.
Bxc5 Qxc5 16. O-O-O Qe3+ 17. Rd2 Qxe2 18. Rxe2 Nh6 19. Ne4 O-O 20. Rd1 Nb6 21.
Nd6 g6 22. Nd4 Nf5 23. N4xf5 gxf5 24. Rd4 f6 25. exf6 Rxf6 26. Nb7 Nd5 27. Nc5
Kf7 28. Red2 Nb6 29. b3 Rc8 30. Nxa6 Nd5 31. Nb4 Nc3 32. Kb2 Ne4 33. Re2 h5 34.
Nd3 Rh6 35. Rb4 Nc3 36. Rd2 Ne4 37. Re2 Nc3 38. Rd2 Ne4 39. Re2 1/2-1/2